Responses for Show #1652 - Tuesday, November 5, 1991

1991 Tournament of Champions quarterfinal game 2.

Contestants

[<< previous game]

Andy Westney, a college freshman and Teen Tournament winner from Atlanta, Georgia

Mark Pestronk, a travel attorney from Washington, D.C.

Lynne Wexler, a librarian from Evanston, Illinois

[next game >>]

Jeopardy! Round responses

GEOLOGY
FEMALE FIRSTS
SPORTS
SHEEP POTPOURRI
1970
WHAT'S THE PITCH?
(Alex: A reference to some advertising, obviously.)
    $100 18
fossil

Lynne
    $100 1
Nadia Comaneci

Lynne
    $100 11
Wayne Gretzky

Andy
    $100 23
(Alex: With a minute to go.)

Australia

Lynne
    $100 3
Thor Heyerdahl

Lynne
    $100 15
M&M's

Andy
    $200 19
a fault

Andy
    $200 2
general

Mark
    $200 12
Buffalo (Bills)

Andy
    $200 24
a sheepskin

Andy
    $200 6
(Andy: What are dolphins?)

whales

MarkAndy
    $200 16
A1

Andy
    $300 25
a lagoon

Mark
    $500 4
Sarah Caldwell

Lynne
    $300 13
("Sugar Ray") Robinson

Andy
    $300 28
the meadow

Mark
    $300 7
the UAW (United Auto Workers)

Mark
    $300 17
Pepsodent

Lynne
    $400 26
(Alex: Yes. Softest.)

talc

Lynne
    $400 5
Clare Boothe Luce

Mark
    $400 14
Bobby Jones

Mark
    $400 29
[The end-of-round signal sounds.]

a sheepshank

Lynne
    $400 8
National Lampoon

Lynne
    $400 21
Mounds & Almond Joy

Andy
    $500 27
(Andy: What is an age?)

an eon

MarkAndy
    $500 9
the Department of Labor

Mark
    $500 20
Bill Bradley

Mark
    $500 10
Earth Day

Andy
    $500 22
Bon Ami

Lynne

Scores at the first commercial break (after clue 11):

Lynne Mark Andy
$1,100 $1,600 $400

Scores at the end of the Jeopardy! Round:

Lynne Mark Andy
$2,900 $3,600 $1,500

Double Jeopardy! Round responses

FLANDERS
NONFICTION
TRANSPORTATION
CLASSICAL MUSIC
AMERICAN HISTORY
THE BRAIN
    $200 25
(Andy: What is a cow?)
...
(Alex: And we have less than a minute to go.)

a dog

LynneAndy
    $200 14
(Arthur) Clarke

Andy
    $200 2
a bicycle

Lynne
    $200 8
Mozart

Andy
    $200 1
slavery

Mark
    $200 3
oxygen

Andy
    $400 28
(Andy: What is The Hague?)

Dunkirk

MarkAndy
    $400 15
"Helter Skelter"

Andy
    $400 13
a dugout

Lynne
    $400 10
Segovia

Andy
    $400 4
(James) Oglethorpe

Andy
    $400 16
brain waves

Andy
    $600 29
Ghent

Triple Stumper
    $600 17
(Lynne: What is World War II?)

World War I

LynneMark
    $600 18
the Cunard Line

Andy
    $600 9
(Andy: Who is "Litst"?)
[Alex corrects his pronunciation and awards him the correct response.]

Liszt

Andy
    $600 5
the Treaty of Guadalupe Hidalgo

Andy
    $600 22
the cerebrum

Mark
    $800 27
poppies

Mark
    $800 21
(Andy: Who is Alan Gershowitz?)

(Alan) Dershowitz

LynneAndy
    $800 19
Peugeot

Mark
    $800 11
Mendelssohn

Andy
    $800 6
Tecumseh

Triple Stumper
    $800 23
neurons

Andy
    $1000 30
(Alex: Mark says, "Of course!")

Bruges

Triple Stumper
    $1000 26
T.E. Lawrence (Lawrence of Arabia)

Triple Stumper
    $1000 20
launching airplanes (aircraft carrier)

Andy
    $800 12
(Andy: Well, uh...)
(Alex: Hurry.)
(Andy: Who is--Smith?)

Benjamin Britten

Andy
    $500 7
(Andy: What is the, uh, Whiskey A Go-Go?)
[Laughter]

Fraunces Tavern

Andy
    $1000 24
the pineal gland

Mark

Scores at the end of the Double Jeopardy! Round:

Lynne Mark Andy
$3,900 $8,000 $5,400

Final Jeopardy! Round responses

WORLD LEADERS
LynneWho was Churchill?
$3,800
AndyWho is Kaiser Wilhelm II
$5,400
MarkWho was W. Churchill?
$2,801
Winston Churchill

Final scores:

Lynne Mark Andy
$7,700 $10,801 $0
2nd place: $1,000 if eliminated + Jeopardy! 25th Anniversary home game or computer version Automatic semifinalist 3rd place: $1,000 if eliminated + Jeopardy! 25th Anniversary home game or computer version

Game dynamics:

Coryat scores:

Lynne Mark Andy
$3,700 $8,000 $6,700
14 R
(including 1 DD),
1 W
17 R,
0 W
22 R,
7 W
(including 2 DDs)

Combined Coryat: $18,400

[game clues] [game scores] [suggest correction]

Game tape date: 1991-10-14
The J! Archive is created by fans, for fans. Scraping, republication, monetization, and malicious use prohibited; this site may use cookies and collect identifying information. See terms. The Jeopardy! game show and all elements thereof, including but not limited to copyright and trademark thereto, are the property of Jeopardy Productions, Inc. and are protected under law. This website is not affiliated with, sponsored by, or operated by Jeopardy Productions, Inc. Join the discussion at JBoard.tv.